000 00629nam a22001937a 4500
005 20170703140306.0
010 _aENG-118610
020 _a9789385288500
_c450.00
035 _aEN-102142
037 _bDBAD/PUB
082 _a910.4
100 _aWillemsen, Roger
245 _aThe ends of the earth :
_cby Roger Willemsen ; transleted by Peter Lewis
_bthe non-fiction writing of Naguib Mahfouz/
260 _aNew Delhi
_bSpeaking Tiger
_c2015
270 _a4381/4,Ansari Road, Daryaganj,
_bNew Delhi
_e110002
300 _avii,490p.
_c23cm(Hb)
700 _a Lewis, Peter
942 _2ddc
_cEN
_mWIL
_h910.4
999 _c140966
_d140966